Discurso del Ministro de economía, industria y comercio de Costa Rica /
Gardado en:
| Autor Principal: | |
|---|---|
| Formato: | Texto |
| Materias: | |
| Etiquetas: |
Engadir etiqueta
Sen Etiquetas, Sexa o primeiro en etiquetar este rexistro!
|
MARC
| LEADER | 00000 a a2200000 04500 | ||
|---|---|---|---|
| 001 | 2566 | ||
| 003 | |||
| 040 | |||
| 100 | |a Sánchez Méndez, Jorge | ||
| 245 | |a Discurso del Ministro de economía, industria y comercio de Costa Rica / |c Jorge Sánchez Méndez | ||
| 650 | |a INTEGRACION REGIONAL | ||
| 773 | |g número 138; páginas 1-5 | ||
| 999 | |c 24184 |d 24184 | ||
